|
|
|
|
| LEADER |
01179nam a2200325 a 4500 |
| 001 |
c000322777 |
| 003 |
CARM |
| 005 |
20001003205415.0 |
| 008 |
881018s1945 nyua 000 0 eng d |
| 010 |
|
|
|a 45001366 //r96
|
| 019 |
1 |
|
|a 632893
|z 6041919
|z 54887726
|5 LACONCORD2021
|
| 020 |
|
|
|a 0060904453 (pbk.)
|
| 035 |
|
|
|a (OCoLC)261871
|5 LACONCORD2021
|
| 040 |
|
|
|a WCX
|b eng
|c WCX
|d WCX
|
| 050 |
0 |
0 |
|a PS3539.H94
|b T5
|
| 050 |
|
4 |
|a PN6013.5
|b .T585 1945
|
| 082 |
0 |
0 |
|a 817.5
|
| 082 |
0 |
4 |
|a 817.5
|2 19
|
| 082 |
0 |
4 |
|a 817.5
|
| 100 |
1 |
|
|a Thurber, James,
|d 1894-1961.
|
| 245 |
1 |
4 |
|a The Thurber carnival /
|c written and illustrated by James Thurber.
|
| 260 |
|
|
|a New York :
|b Harper and Row,
|c c1945.
|
| 300 |
|
|
|a xiii, 369 p. :
|b ill. ;
|c 21 cm.
|
| 490 |
0 |
|
|a Perennial library
|
| 650 |
|
0 |
|a Humorous stories, American.
|
| 651 |
|
0 |
|a United States
|x Social life and customs
|y 20th century
|x Humor.
|
| 710 |
2 |
|
|a Editions for the Armed Services, Inc.
|
| 852 |
8 |
|
|b CARM
|h A1:AL19F0
|i B10406
|p 0488736
|f BK
|
| 999 |
f |
f |
|i 720e4987-d196-5862-8f63-a398e35f4bdf
|s 5e35b491-9958-5537-8586-d7e07b7fdcba
|
| 952 |
f |
f |
|p Can circulate
|a CAVAL
|b CAVAL
|c CAVAL
|d CARM 1 Store
|e B10406
|f A1:AL19F0
|h Other scheme
|i book
|m 0488736
|